キングオブコント歴代王者 - サドンデス - Statistics

General Stats
  • This quiz has been taken 351 times
    30 since last reset
  • The average score is 13 of 18
Answers on the Grid
Answers color-coded by a green-red scale on the quiz's grid according to % correct below.
うるとらブギーズ
かまいたち
かもめんたる
さらば青春の光
しずる
どぶろっく
にゃんこスター
わらふぢなるお
インパルス
キングオブコメディ
コロコロチキチキペッパーズ
サルゴリラ
サンドウィッチマン
シソンヌ
ジャルジャル
ジャングルポケット
チョコレートプラネット
ハナコ
バイきんぐ
バッファロー吾郎
バナナマン
ビスケットブラザーズ
ピース
ライス
ラバーガール
ラブレターズ
ロッチ
ロバート
ロングコートダディ
天竺鼠
東京03
空気階段
 
Answer Stats
Answer % Correct
かまいたち
83%
どぶろっく
78%
バイきんぐ
78%
東京03
78%
コロコロチキチキペッパーズ
74%
シソンヌ
74%
かもめんたる
70%
サルゴリラ
70%
ビスケットブラザーズ
70%
ロバート
70%
空気階段
70%
キングオブコメディ
65%
ジャルジャル
65%
ハナコ
65%
バッファロー吾郎
65%
ラブレターズ
65%
ロングコートダディ
65%
ライス
61%
No matching quizzes found
Score Distribution
Percent of People with Each Score
Percentile by Number Answered
Your Score History
You have not taken this quiz since the last reset